<?xml version="1.0" encoding="UTF-8"?>
<collection xmlns="http://www.loc.gov/MARC21/slim">
 <record>
  <leader>01253nam a22002057a 4500</leader>
  <controlfield tag="001">NCT_87471</controlfield>
  <controlfield tag="008">201201b        xxu||||| |||| 00| 0 vie d</controlfield>
  <datafield tag="999" ind1=" " ind2=" ">
   <subfield code="c">4310</subfield>
   <subfield code="d">4310</subfield>
  </datafield>
  <datafield tag="020" ind1=" " ind2=" ">
   <subfield code="a">9786047763368</subfield>
   <subfield code="c">149000</subfield>
  </datafield>
  <datafield tag="082" ind1="0" ind2="4">
   <subfield code="2">23rd ed.</subfield>
   <subfield code="a">642.1</subfield>
   <subfield code="b">Tr312</subfield>
  </datafield>
  <datafield tag="100" ind1="1" ind2=" ">
   <subfield code="a">Đào Tuyết Trinh</subfield>
  </datafield>
  <datafield tag="245" ind1="1" ind2="0">
   <subfield code="a">Nêm nếm yêu thương</subfield>
   <subfield code="c">Đào Tuyết Trinh</subfield>
  </datafield>
  <datafield tag="260" ind1=" " ind2=" ">
   <subfield code="a">H.</subfield>
   <subfield code="b">Thế giới</subfield>
   <subfield code="c">2019</subfield>
  </datafield>
  <datafield tag="300" ind1=" " ind2=" ">
   <subfield code="a">172 tr.</subfield>
   <subfield code="b">ảnh màu</subfield>
   <subfield code="c">21cm</subfield>
  </datafield>
  <datafield tag="520" ind1="3" ind2=" ">
   <subfield code="a">Sách giới thiệu những công thức và cách chế biến các món ăn của tác giả từ đơn giản tới cầu kì như sấu ngâm, mắm tôm chua, chân gà ngâm sả ớt, thịt ba chỉ rang cháy cạnh, chân giò hầm nấm, khoai tây nghiền xốt kem tươi... cho bữa cơm gia đình</subfield>
  </datafield>
  <datafield tag="653" ind1=" " ind2=" ">
   <subfield code="a">Công nghệ thực phẩm</subfield>
  </datafield>
  <datafield tag="942" ind1=" " ind2=" ">
   <subfield code="2">ddc</subfield>
   <subfield code="c">BK</subfield>
  </datafield>
  <datafield tag="952" ind1=" " ind2=" ">
   <subfield code="0">0</subfield>
   <subfield code="1">0</subfield>
   <subfield code="2">ddc</subfield>
   <subfield code="4">0</subfield>
   <subfield code="6">642_100000000000000_TR312</subfield>
   <subfield code="7">0</subfield>
   <subfield code="9">20849</subfield>
   <subfield code="a">000001</subfield>
   <subfield code="b">000001</subfield>
   <subfield code="d">2020-12-01</subfield>
   <subfield code="o">642.1 Tr312</subfield>
   <subfield code="p">MD.18138</subfield>
   <subfield code="r">2020-12-01</subfield>
   <subfield code="v">149000.00</subfield>
   <subfield code="w">2020-12-01</subfield>
   <subfield code="y">BK</subfield>
  </datafield>
  <datafield tag="952" ind1=" " ind2=" ">
   <subfield code="0">0</subfield>
   <subfield code="1">0</subfield>
   <subfield code="2">ddc</subfield>
   <subfield code="4">0</subfield>
   <subfield code="6">642_100000000000000_TR312</subfield>
   <subfield code="7">0</subfield>
   <subfield code="9">20850</subfield>
   <subfield code="a">000001</subfield>
   <subfield code="b">000001</subfield>
   <subfield code="d">2020-12-01</subfield>
   <subfield code="o">642.1 Tr312</subfield>
   <subfield code="p">MD.18139</subfield>
   <subfield code="r">2020-12-01</subfield>
   <subfield code="v">149000.00</subfield>
   <subfield code="w">2020-12-01</subfield>
   <subfield code="y">BK</subfield>
  </datafield>
  <datafield tag="980" ind1=" " ind2=" ">
   <subfield code="a">Thư viện Trường Đại học Nam Cần Thơ</subfield>
  </datafield>
 </record>
</collection>
